Адміністративна діяльність органів внутрішніх справ (Запис № 17167)

000 -Маркер запису
Контрольне поле сталої довжини 01768nam a22002537a 4500
003 - Належність контрольного номера
Контрольне поле Uzh_bibl
008 - Кодовані дані
Контрольне поле сталої довжини 260324b |||||||| |||| 00| 0 ukr d
020 ## - Індекс ISBN
ISBN 966-7186-70-9
Ціна 5,00
040 ## - Джерело каталогіз.
Код мови каталог. укр.
041 ## - Код мови видання
Код мови оригіналу українська
Код мови тексту українська
080 ## - Індекс УДК
Індекс УДК 34
090 ## - Шифри
Поличний індекс 34
Авторський знак Т 65
100 ## - Автор
Автор Трачук Петро
245 ## - Назва
Назва Адміністративна діяльність органів внутрішніх справ
Продовж. назви Навчально-методичний посібник
Відповідальність Ред. ЯцишинЛ.К.
Фізичний носій Текст
260 ## - Вихідні дані
Місце видання Ужгород
Видавництво "Міністерство освіти і науки України Ужгородський державний інститут інформатики, економіки і права"
Дата видання 2002
300 ## - Фізичний опис
Обсяг 220 с.
520 ## - Анотація
Анотація Навчально-методичний посібник містить матерали з загальної та особливої частин адміністративної діяльностіорганів внутрішніх справ, а також законодавчі акти, які сприятимуть якісній підготовці спеціалістів вищої кваліфікації для органів внутрішніх справ.
521 ## - Примітка про цільове призначення
Примітка про цільове призначення Для широкого кола читачів
546 ## - Примітка про мову
Примітка про мову укр.
650 ## - Тематичні рубрики
Основна рубрика Навчальне идання
Основна підрубрика Навчально-методичний посібник
653 ## - Ключові слова
Ключові слова Участь громадян в охороні громадського порядку
-- Правове положення і завдання штабів органів внутрішніх справ
655 ## - Термін індексування — жанр/форма
Жанр/форма Навчальна література
Типове ділення Посібник
942 ## - ADDED ENTRY ELEMENTS (KOHA)
Джерело класифікації чи схема поличного розташування
Koha item type Книги
Фонди
Статус вилучення Статус втрати/відсутності Джерело класифікації чи схема поличного розташування Статус пошкодження Тип обігу (не для випозичання) Постійне розташування Поточне розташування Розташування у відділі Дата надходження Інвентарний номер Total Checkouts Повний (примірниковий) шифр зберігання Штрих-код Date last seen Дата, для якої чинна ціна заміни Тип одиниці (рівень примірника)
          Бібліотека-філія №2 Бібліотека-філія №2 Абонемент старший відділ 24/03/2026 56758   34 19648 24/03/2026 24/03/2026 Книги

Працює на АБІС Коха